Text book of Biotechnology (Record no. 221121)
[ view plain ]
| 000 -LEADER | |
|---|---|
| fixed length control field | 03146nam a22002057a 4500 |
| 005 - DATE AND TIME OF LATEST TRANSACTION | |
| control field | 20260106092515.0 |
| 008 - FIXED-LENGTH DATA ELEMENTS--GENERAL INFORMATION | |
| fixed length control field | 220110b ||||| |||| 00| 0 eng d |
| 020 ## - INTERNATIONAL STANDARD BOOK NUMBER | |
| International Standard Book Number | 9789355010537 |
| 040 ## - CATALOGING SOURCE | |
| Transcribing agency | AL |
| 041 ## - LANGUAGE CODE | |
| Language code of text/sound track or separate title | Eng |
| 082 ## - DEWEY DECIMAL CLASSIFICATION NUMBER | |
| Edition number | 23 |
| Classification number | 620.8 |
| Item number | DUBT |
| 100 ## - MAIN ENTRY--PERSONAL NAME | |
| Personal name | DUBEY R C |
| 100 ## - MAIN ENTRY--PERSONAL NAME | |
| 9 (RLIN) | 250212 |
| 245 ## - TITLE STATEMENT | |
| Title | Text book of Biotechnology |
| 260 ## - PUBLICATION, DISTRIBUTION, ETC. | |
| Place of publication, distribution, etc. | New Delhi |
| Name of publisher, distributor, etc. | S Chand And Company Limited |
| Date of publication, distribution, etc. | 2021 |
| 300 ## - PHYSICAL DESCRIPTION | |
| Extent | xiv,602 p. |
| Other physical details | PB |
| Dimensions | 23.5x16.5 cm. |
| 365 ## - TRADE PRICE | |
| Price type code | 4974 |
| Price amount | ₹360.00 |
| Currency code | ₹ |
| Unit of pricing | ₹450.00 |
| Price note | 20% |
| Price effective from | 06-01-2022 |
| 520 ## - SUMMARY, ETC. | |
| Summary, etc. | A Textbook on Biotechnology presents an integrated study of biology, cell<br/>biology, chemistry and computer science and illustrates how biotechnology<br/>can be used to develop treatment for diseases and also beneficially alter<br/>genetics of humans and other life forms. Biotechnology is a field of applied<br/>biology which involves the use of living organisms and bioprocesses in<br/>engineering, technology, medicine and other fields which require byproducts.<br/>The book covers diverse topics ranging from molecular biology,<br/>tissue culture, agricultural engineering, genetics, gene therapy, drug design,<br/>genome, probiotics and genetic engineering for animals, plants, microorganisms, bioinformatics and medicine. Designed as a comprehensive<br/>textbook for undergraduate students of Biotechnology, this comprehensive<br/>and lucidly written text will also be useful for Civil Services and other<br/>competitive examinations. |
| Expansion of summary note | Key Features<br/>• A separate section on Probiotics<br/>• Over 250 well labelled diagrams and 100 tables to facilitate understanding of the concepts<br/>• Nearly 250 chapter-end problems according to the latest pattern of examination<br/>• Glossary of nearly 400 important technical terms explaining and defining difficult terms used in the text<br/>Table of Content<br/>1. Biotechnology: Scope and Importance<br/>2. Genes: Nature, Concept and Synthesis<br/>3. Tools of Genetic Engineering - I: Basic Requirements<br/>4. Tools of Genetic Engineering-II: Cutting and Joining of DN<br/>5. Tools of Genetic Engineering - III: Cloning Vectors<br/>6. Techniques of Genetic Engineering (Cloning Methods and DNA Analysis)<br/>7. Genetic Engineering for Human Welfare<br/>8. Genomics and Proteomics<br/>9. Bioinformatics<br/>10. Animal Cell, Tissue and Organ Culture<br/>11. Manipulation of Reproduction and Transgenic Animals<br/>12. In Vitro Culture Techniques of Plant Cells, Tissues and Organs<br/>13. Applications of Plant Cell, Tissues and Organ Cultures<br/>14. Molecular Markers of Plant and Animal Genomes<br/>15. Cryopreservation<br/>16. Features of Biotechnological Importance in Microorganisms<br/>17. Microbial Products: Primary and Secondary Metabolites<br/>18. Single Cell Protein (SCP) and Mycoprotein<br/>19. Biological Nitrogen Fixation<br/>20. Biofertilizers (Microbial Inoculants)<br/>21. Biopesticides (Biological Control of Plant Pathogens, Pests and Weeds)<br/>22. Enzyme Biotechnology<br/>23. Biomass: A Renewable Source of Energy<br/>24. Biomass Energy (Bio-energy)<br/>25. Environmental Biotechnology<br/>26. Biotechnology and Biosafety, Intellectual Property Right (IPR) and Protection (IPP)<br/>• Glossary<br/>• Bibliography<br/>• Index |
| 650 ## - SUBJECT ADDED ENTRY--TOPICAL TERM | |
| Topical term or geographic name entry element | Biotechnology |
| 9 (RLIN) | 12724 |
| 942 ## - ADDED ENTRY ELEMENTS (KOHA) | |
| Source of classification or shelving scheme | Dewey Decimal Classification |
| Koha item type | Book |
| Withdrawn status | Lost status | Source of classification or shelving scheme | Damaged status | Not for loan | Collection code | Home library | Current library | Shelving location | Date acquired | Source of acquisition | Cost, normal purchase price | Total Checkouts | Full call number | Barcode | Date last seen | Date last checked out | Cost, replacement price | Price effective from | Koha item type |
|---|---|---|---|---|---|---|---|---|---|---|---|---|---|---|---|---|---|---|---|
| Dewey Decimal Classification | Bio Technology | St Aloysius Library | St Aloysius Library | Stack Section | 01/07/2022 | Biblios Book Point | 360.00 | 1 | 620.8 DUBT | 075300 | 07/17/2025 | 07/08/2025 | 450.00 | 01/10/2022 | Book |